000 00301nam a22001337a 4500
008 171027b xxu||||| |||| 00| 0 eng d
020 _a9780130402646
041 _aeng
080 _a336
100 _a56
101 _aFIN
245 _aDATABASE SYSTEM IMPLEMENTATION
_cMOLINA, H.G
942 _2udc
_cBK
999 _c36141
_d36141